| 000 | 00890cam a2200205 4500 | ||
|---|---|---|---|
| 001 | ABS66583 | ||
| 008 | 030430n2003 000 0 eng u | ||
| 035 | _a(Sirsi) u122155 | ||
| 100 | _aYarwood, J. | ||
| 245 | _aIntegrating conservation strategies into the overall development process | ||
| 260 | _c2003 | ||
| 490 |
_aArt Antiquity and Law _v8(1) March 2003, 63-71(9) |
||
| 520 | _aAnalyses the two perspectives on the conservation of cultural property, one the preservation and guardianship of its fabric and the other its context in the built environment. Uses a number of international case studies to illustrate the dichotomy between these two views. Table. | ||
| 590 | _aABS | ||
| 650 | _aBUILT ENVIRONMENT | ||
| 650 | _aCULTURAL PROPERTY | ||
| 650 | _aPRESERVATION | ||
| 690 | _aBUILT ENVIRONMENT-BUILDING MAINTENANCE AND REFURBISHMENT-BUILDING CONSERVATION | ||
| 942 | _n0 | ||
| 999 |
_c72597 _d72597 |
||